| 000 | 00362 a2200169 4500 | ||
|---|---|---|---|
| 001 | 58434 | ||
| 020 | _a857556594X | ||
| 040 | _cAnchieta - Pituba | ||
| 100 | _aAzevedo, Álvares de | ||
| 240 | 1 | 0 |
_aLira dos Vinte Anos _lpor |
| 245 | 1 | 0 | _aLira dos Vinte Anos |
| 300 | _a190 | ||
| 362 | 0 | _a0 | |
| 440 | 1 | _aEscala | |
| 650 | 4 | _aPoesia brasileira | |
| 942 | _cBK | ||
| 999 |
_c58434 _d58434 |
||